Plus Grandes Villes de France par Lettre - S - Statistiques

Statistiques générales
  • Ce quiz a été pris 310 fois
  • Le résultat moyen est 10 sur 20
Réponses sur la Carte
Les réponses sont colorées sur une échelle allant du rouge au vert en fonction du pourcentage des utilisateurs qui les ont devinées à leur premier essai. Vous pouvez retrouver ces pourcentages ci-dessous.
 
Statistiques - réponses
Population Ville % Correct
291 313 Strasbourg
97%
154 765 Saint-Denis
93%
113 942 Saint-Denis
93%
172 718 Saint-Étienne
88%
72 057 Saint-Nazaire
74%
84 077 Saint-Pierre
68%
105 240 Saint-Paul
62%
62 763 La {Seyne}-{sur}-{Mer}
45%
52 958 Saint-Quentin
44%
58 424 Sarcelles
41%
50 250 Saint-Laurent-du-Maroni
40%
53 935 Saint-Louis
35%
53 207 Saint-Ouen-sur-Seine
32%
49 537 Saint-Herblain
27%
57 150 Saint-André
26%
51 220 Sartrouville
25%
48 822 Saint-Priest
23%
51 845 Sevran
23%
49 104 Suresnes
23%
75 441 Saint-Maur-des-Fossés
21%
Aucun quiz correspondant
Distribution des résultats
% des personnes avec chaque résultat
Percentile par nombre de réponses
Votre historique - résultats
Vous n’avez pas pris ce quiz